Maîtres de fiction - Statistiques

Statistiques générales
  • Ce quiz a été pris 33 fois
    14 depuis la dernière actualisation
  • Le résultat moyen est 25 sur 40
Statistiques - réponses
Hint Réponse % Correct
Maître de Naruto Jiraya
100%
Maître d'Anakin Obi-Wan Kenobi
100%
Maître d'Astérix Panoramix
100%
Maître de Midoriya All Might
92%
Maître de Mowgli Bagheera
92%
Maître de Robin Batman
92%
Maître d'Harry Potter Dumbledore
92%
Maître de Wolverine Charles Xavier
83%
Maître de Marty McFly Doc Brown
83%
Maître de Frodon Gandalf
83%
Maître de Yuji Gojo
83%
Maître de Spider Man Iron Man
83%
Maître de Nagisa Koro-Sensei
83%
Maître du Roi Arthur Merlin
83%
Maître de Luffy Rayleigh
83%
Maître de Tanjiro Rengoku
83%
Maître de Son Goku Tortue Géniale
83%
Maître de Natsu Ignir
75%
Maître de Docteur Strange Le Grand Ancien
75%
Maître de Neo Morpheus
75%
Maître de Sacha Professeur Chen
67%
Maître d'Ichigo Urahara
67%
Maître de Jesse Pinkman Walter White
67%
Maître de Po Shifu
58%
Maître de Lucie Pevensie Aslan
50%
Maître des frère Elric Izumi Curtis
50%
Maître de Tokyo Le Professeur
50%
Maître de Son Gohan Piccolo
50%
Maître de Gon Biscuit
42%
Maître de Percy Jackson Chiron
42%
Maître de Ciri Geralt de Riv
42%
Maître de Katniss Haymitch Abernathy
42%
Maître d'Arya Stark Le Limier
42%
Maître de Rocky Mickey Goldmill
33%
Maître de Michaela Pratt Annalise Keating
25%
Maître de Aang Iroh
25%
Maître de Seya Saori Kida "Athena"
25%
Maître de Joseph Joestar Lisa Lisa
17%
Maître de Todd Anderson Mr Keating
17%
Maître de Numéro 13 Docteur House
8%
Aucun quiz correspondant
Distribution des résultats
% des personnes avec chaque résultat
Percentile par nombre de réponses
Votre historique - résultats
Vous n’avez pas pris ce quiz depuis la dernière actualisation